Simultaneous Determination of Succinic Acid and Water-Soluble Vitamins by Ion-Pair High-Performance Liquid Chromatography; Journal of Analytical Chemistry; Vol. 73, iss. 4

Dades bibliogràfiques
Parent link:Journal of Analytical Chemistry
Vol. 73, iss. 4.— 2018.— [P. 358–363]
Autor principal: Leonov K. A. Klim Andreevich
Autor corporatiu: Национальный исследовательский Томский политехнический университет Инженерная школа природных ресурсов Отделение химической инженерии
Altres autors: Pustovoitov A. V. Andrey Vladimirovich, Vishenkova D. A. Dariya Aleksandrovna
Sumari:Title screen
A procedure is proposed for the determination of succinic acid, riboxin, nicotinamide, and riboflavin by ion-pair HPLC with UV detection. Owing to the addition of an ion-pair modifier to the mobile phase and the selection of gradient elution conditions, the optimal retention and resolution of peaks of the components to be determined are achieved. Specificity, linearity, accuracy, and precision of the developed procedure are proved on an example of the determination of active substances in the Cerebronorm® preparation.
Режим доступа: по договору с организацией-держателем ресурса
Idioma:anglès
Publicat: 2018
Matèries:
Accés en línia:https://doi.org/10.1134/S1061934818040068
Format: MixedMaterials Electrònic Capítol de llibre
KOHA link:https://koha.lib.tpu.ru/cgi-bin/koha/opac-detail.pl?biblionumber=666945

MARC

LEADER 00000naa0a2200000 4500
001 666945
005 20250227153311.0
035 |a (RuTPU)RU\TPU\network\38149 
035 |a RU\TPU\network\37685 
090 |a 666945 
100 |a 20220208d2018 k||y0rusy50 ba 
101 0 |a eng 
102 |a US 
135 |a drcn ---uucaa 
181 0 |a i  
182 0 |a b 
200 1 |a Simultaneous Determination of Succinic Acid and Water-Soluble Vitamins by Ion-Pair High-Performance Liquid Chromatography  |f K. A. Leonov, A. V. Pustovoitov, D. A. Vishenkova 
203 |a Text  |c electronic 
300 |a Title screen 
320 |a [References: 12 tit.] 
330 |a A procedure is proposed for the determination of succinic acid, riboxin, nicotinamide, and riboflavin by ion-pair HPLC with UV detection. Owing to the addition of an ion-pair modifier to the mobile phase and the selection of gradient elution conditions, the optimal retention and resolution of peaks of the components to be determined are achieved. Specificity, linearity, accuracy, and precision of the developed procedure are proved on an example of the determination of active substances in the Cerebronorm® preparation. 
333 |a Режим доступа: по договору с организацией-держателем ресурса 
461 |t Journal of Analytical Chemistry 
463 |t Vol. 73, iss. 4  |v [P. 358–363]  |d 2018 
610 1 |a труды учёных ТПУ 
610 1 |a электронный ресурс 
610 1 |a ion-pair HPLC 
610 1 |a gradient elution 
610 1 |a succinic acid 
610 1 |a water-soluble vitamins 
610 1 |a Cerebronorm 
700 1 |a Leonov  |b K. A.  |g Klim Andreevich 
701 1 |a Pustovoitov  |b A. V.  |g Andrey Vladimirovich 
701 1 |a Vishenkova  |b D. A.  |c chemist  |c engineer of Tomsk Polytechnic University  |f 1989-  |g Dariya Aleksandrovna  |3 (RuTPU)RU\TPU\pers\33918 
712 0 2 |a Национальный исследовательский Томский политехнический университет  |b Инженерная школа природных ресурсов  |b Отделение химической инженерии  |3 (RuTPU)RU\TPU\col\23513 
801 2 |a RU  |b 63413507  |c 20220208  |g PSBO 
856 4 |u https://doi.org/10.1134/S1061934818040068 
942 |c CF